| 000 | 005040000a22001930004500 | ||
|---|---|---|---|
| 003 | LK-CoMWRAF | ||
| 005 | 20231109145232.0 | ||
| 008 | 230817t1999 ||||| |||| 00| 0 eng d | ||
| 020 | _a9555991502 | ||
| 040 |
_aLK-CoMWRAF _dLK-CoMWRAF _eLK-CoMWRAF |
||
| 041 | _aeng | ||
| 082 |
_a349.5493 _bAME |
||
| 100 | _aAmerasinghe, A.R.B | ||
| 245 | _aThe Legal Heritage Of Sri Lanka | ||
| 260 |
_aColombo: _bLST, _c1999 |
||
| 300 | _axx, 590 p. : ill. ; 22 cm. | ||
| 650 | _aLAW-Sri Lanka-History | ||
| 942 | _cBK | ||
| 999 |
_c127 _d127 |
||